Normal view
MARC view
- .Robotics Mechanics and Control. Robot
Entry Topical Term
001 - CONTROL NUMBER
- control field: 112457
003 - CONTROL NUMBER IDENTIFIER
- control field: NUST
005 - DATE AND TIME OF LATEST TRANSACTION
- control field: 20230518131040.0
008 - FIXED-LENGTH DATA ELEMENTS
- fixed length control field: 230518|| aca||aabn | a|a d
040 ## - CATALOGING SOURCE
- Original cataloging agency: NUST
- Transcribing agency: NUST
150 ## - HEADING--TOPICAL TERM
- Topical term or geographic name entry element: .Robotics Mechanics and Control. Robot
670 ## - SOURCE DATA FOUND
- Source citation: Work cat.: (NUST)594769: Craig, John J. 59165, Introduction to Robotics: , 2009.
